000 00852nam a22003017a 4500
001 BR0602459
003 BR-BrBNA
005 20230928102157.0
007 ta
008 230509b bl.||||| |||| 00| 0 por d
040 _aBR-BrBNA
_bpor
_cBiblioteca Nacional de Agricultura
041 _a(Eng, Por)
072 _aE14; F01
_b1300
090 _ 1300 BR0602459
110 1 _aEMBRAPA Hortaliças, Brasília, DF (Brasil)
245 1 _aEMBRAPA Hortaliças; Principais realizações
260 3 _aBrasília, DF (Brasil):
_c2003.
300 _a52 p.
500 _a38 illus.
650 _aHORTALIÇA
650 _aPOLÍTICA DE DESENVOLVIMENTO
650 _aRECURSO HUMANO
650 _aRECURSO ECONÔMICO
650 _aDESENVOLVIMENTO INDUSTRIAL
650 _aDESENVOLVIMENTO COMERCIAL
909 _a202309
_bLucia
_c55
_dLucia Elande
942 _cBK
999 _c69506
_d69506